[Event "Berlin Lichtenrade op 14th"]
[Site "Berlin"]
[Date "2018.11.02"]
[Round "7"]
[White "Feikes, Joerg"]
[Black "Kather, Yannick"]
[Result "1-0"]
[WhiteElo "1996"]
[BlackElo "2136"]
[PlyCount "45"]
[EventDate "2018.10.27"]
[EventType "swiss"]
[EventRounds "9"]
[EventCountry "GER"]
[SourceTitle "CBM 187 Extra"]
[Source "ChessBase"]
[SourceDate "2018.11.04"]
[SourceVersion "1"]
[SourceVersionDate "2018.11.04"]
[SourceQuality "1"]

1. e4 c5 2. Nc3 Nc6 3. g3 g6 4. Bg2 Bg7 5. d3 d6 6. Be3 e5 7. f4 exf4 8. Bxf4 Nge7 9. Nf3 0-0 10. 0-0 a6 11. a4 Nd4 12. Nd2 Ne6 13. Be3 Rb8 14. a5 Bd7 15. Nc4 Bb5 16. Nb6 Nc6 17. Ncd5 Ne5 18. Kh1 Nc7 19. Nxc7 Qxc7 20. g4 Bd7 21. g5 Be6 22. c3 Qd7 23. Nxd7 1-0

[Event "GER-chT Betriebe 16th"]
[Site "Dresden"]
[Date "2016.11.05"]
[Round "6.1"]
[White "Feikes, Joerg"]
[Black "Choinowski, Gustav"]
[Result "0-1"]
[WhiteElo "1968"]
[BlackElo "2088"]
[PlyCount "72"]
[EventDate "2016.11.03"]
[EventType "team-swiss"]
[EventRounds "7"]
[EventCountry "GER"]
[SourceTitle "EXT 2020"]
[Source "ChessBase"]
[SourceDate "2019.10.17"]
[SourceVersion "1"]
[SourceVersionDate "2019.10.17"]
[SourceQuality "1"]
[WhiteTeam "Berlin Tempelhof"]
[BlackTeam "Hamburg Unilever"]
[WhiteTeamCountry "GER"]
[BlackTeamCountry "GER"]

1. e4 c5 2. Nc3 Nc6 3. g3 g6 4. Bg2 Bg7 5. d3 Nf6 6. Be3 d6 7. h3 e5 8. f4 Nh5 9. Nge2 Nd4 10. 0-0 exf4 11. gxf4 Nxe2+ 12. Nxe2 Bxb2 13. Rb1 Bg7 14. e5 0-0 15. Bxb7 Bxh3 16. Bxa8 Bxf1 17. Qxf1 Qxa8 18. exd6 Qd5 19. Rb5 Rc8 20. d7 Qxd7 21. Rxc5 Re8 22. Qf3 Qe7 23. Bf2 h6 24. Nc3 Bxc3 25. Rxc3 Qf6 26. Rc4 Qa1+ 27. Kh2 Qxa2 28. f5 Qa5 29. Rc5 Qd8 30. fxg6 fxg6 31. Qg4 Qd6+ 32. Kg1 Kh7 33. Rc8 Re7 34. Rc4 Rf7 35. Bd4 Rf4 36. Qc8 Rxd4 0-1

[Event "GER-chT Betriebe 16th"]
[Site "Dresden"]
[Date "2016.11.03"]
[Round "1.1"]
[White "Hartmann, Jens"]
[Black "Feikes, Joerg"]
[Result "1/2-1/2"]
[WhiteElo "1804"]
[BlackElo "1968"]
[PlyCount "59"]
[EventDate "2016.11.03"]
[EventType "team-swiss"]
[EventRounds "7"]
[EventCountry "GER"]
[SourceTitle "EXT 2020"]
[Source "ChessBase"]
[SourceDate "2019.10.17"]
[SourceVersion "1"]
[SourceVersionDate "2019.10.17"]
[SourceQuality "1"]
[WhiteTeam "Hamburg Baubehoerde II"]
[BlackTeam "Berlin Tempelhof"]
[WhiteTeamCountry "GER"]
[BlackTeamCountry "GER"]

1. e4 e5 2. Nf3 Nc6 3. Bc4 Nf6 4. d3 Bc5 5. 0-0 a6 6. Be3 Ba7 7. Bxa7 Rxa7 8. a3 d6 9. h3 0-0 10. Nh2 Be6 11. Nd2 d5 12. exd5 Bxd5 13. Re1 Re8 14. Ng4 Nxg4 15. Qxg4 Ra8 16. Bxd5 Qxd5 17. Re3 Re6 18. Qc4 Rd8 19. Qxd5 Rxd5 20. Nf3 f6 21. Kf1 Kf7 22. c3 Rd7 23. Nd2 b6 24. Nc4 Ne7 25. Rd1 Nd5 26. Re2 Nf4 27. Red2 b5 28. Ne3 Red6 29. d4 g6 30. h4 1/2-1/2

[Event "GER-chT Betriebe 14th"]
[Site "Dresden"]
[Date "2014.11.20"]
[Round "2.2"]
[White "Feikes, Joerg"]
[Black "Salov, Sergej"]
[Result "1-0"]
[WhiteElo "1968"]
[BlackElo "2256"]
[PlyCount "129"]
[EventDate "2014.11.20"]
[EventType "team-swiss"]
[EventRounds "7"]
[EventCountry "GER"]
[SourceTitle "EXT 2020"]
[Source "ChessBase"]
[SourceDate "2019.10.17"]
[SourceVersion "1"]
[SourceVersionDate "2019.10.17"]
[SourceQuality "1"]
[WhiteTeam "Berlin Tempelhof"]
[BlackTeam "Berlin President"]
[WhiteTeamCountry "GER"]
[BlackTeamCountry "GER"]

1. e4 c5 2. Nc3 e6 3. g3 d5 4. Bg2 d4 5. Nce2 d3 6. cxd3 Qxd3 7. Nf4 Qd7 8. Nf3 Nc6 9. 0-0 b6 10. b3 Bb7 11. Bb2 0-0-0 12. a3 Nf6 13. Re1 Kb8 14. Bc3 Be7 15. Rb1 h6 16. b4 g5 17. Ne5 Qc7 18. Nxc6+ Qxc6 19. Nh5 Nxh5 20. Bxh8 Nf6 21. Bg7 Ne8 22. Be5+ Ka8 23. b5 Qd7 24. Bc3 Nd6 25. a4 f5 26. exf5 exf5 27. d3 g4 28. Qe2 Bg5 29. Qe6 Bxg2 30. Qxd7 Rxd7 31. Kxg2 Kb7 32. Rbd1 Nc8 33. d4 c4 34. d5 Nd6 35. Bd2 Ne4 36. Bxg5 hxg5 37. Re3 c3 38. Red3 c2 39. Rc1 Nc5 40. Rc3 Rxd5 41. R1xc2 Rd4 42. a5 Rb4 43. a6+ Kb8 44. Rxc5 bxc5 45. Rxc5 f4 46. gxf4 gxf4 47. h3 gxh3+ 48. Kxh3 Rb3+ 49. Kg4 f3 50. Kf4 Rd3 51. Ke4 Ra3 52. Rf5 Rb3 53. Kd4 Rb2 54. Rxf3 Rxb5 55. Rf6 Kc7 56. f4 Ra5 57. Ke4 Kd8 58. f5 Ke7 59. Re6+ Kf7 60. Rc6 Ke8 61. Kf4 Kf7 62. Rg6 Kf8 63. Kg5 Ra1 64. Rc6 Ke7 65. Rh6 1-0

[Event "Berlin Lichtenrade op 10th"]
[Site "Berlin"]
[Date "2014.10.22"]
[Round "5"]
[White "Feikes, Joerg"]
[Black "Milanovic, Danilo"]
[Result "0-1"]
[WhiteElo "2043"]
[BlackElo "2485"]
[PlyCount "82"]
[EventDate "2014.10.18"]
[EventType "swiss"]
[EventRounds "9"]
[EventCountry "GER"]
[SourceTitle "EXT 2015"]
[Source "ChessBase"]
[SourceDate "2014.11.20"]
[SourceVersion "1"]
[SourceVersionDate "2014.11.20"]
[SourceQuality "1"]

1. e4 d5 2. exd5 Qxd5 3. Nc3 Qd8 4. d4 Nf6 5. Nf3 Bg4 6. h3 Bxf3 7. Qxf3 c6 8. Ne2 e6 9. g3 Be7 10. Bg2 0-0 11. 0-0 Nbd7 12. c4 Qb6 13. b3 a5 14. a3 a4 15. b4 Qa6 16. b5 cxb5 17. cxb5 Qxb5 18. Nc3 Qc4 19. Bg5 Rac8 20. Ne4 b6 21. Rad1 Rcd8 22. Qc3 Qa6 23. Qd3 Qa5 24. Rfe1 Nc5 25. Nxc5 bxc5 26. Re5 Qa7 27. d5 h6 28. Bxf6 Bxf6 29. Re2 Bd4 30. Qc4 e5 31. Be4 Rd6 32. Bc2 Ra8 33. Rb1 g6 34. g4 Kg7 35. Qb5 Qe7 36. Qb7 Qd8 37. Be4 Raa6 38. Kg2 h5 39. f3 h4 40. Bd3 Rab6 41. Qa7 e4 0-1

[Event "Berlin Lichtenrade op 08th"]
[Site "Berlin"]
[Date "2012.10.07"]
[Round "9"]
[White "Feikes, Joerg"]
[Black "Burger, Heinrich"]
[Result "1-0"]
[WhiteElo "2038"]
[BlackElo "2152"]
[PlyCount "91"]
[EventDate "2012.09.29"]
[EventType "swiss"]
[EventRounds "9"]
[EventCountry "GER"]
[SourceTitle "CBM 150 Extra"]
[Source "ChessBase"]
[SourceDate "2012.10.19"]
[SourceVersion "1"]
[SourceVersionDate "2012.10.19"]
[SourceQuality "1"]

1. e4 c5 2. Nc3 Nc6 3. g3 g6 4. Bg2 Bg7 5. d3 d6 6. f4 e6 7. Nh3 Nge7 8. 0-0 0-0 9. Kh1 f5 10. g4 d5 11. gxf5 gxf5 12. e5 Ng6 13. Bd2 Nh4 14. Rg1 Nxg2 15. Rxg2 Kh8 16. Ng5 Qe8 17. Nb5 Qg6 18. Nd6 Nd8 19. Ngf7+ Nxf7 20. Rxg6 hxg6 21. Nxc8 Raxc8 22. c3 Nh6 23. h3 Kg8 24. Qa4 Rc7 25. Rg1 Kf7 26. Rg3 b6 27. Kg2 Ng8 28. Kf3 Ne7 29. Qd1 Rh8 30. Qg1 Bh6 31. Be3 Rg8 32. Rg2 Nc6 33. Bf2 Bf8 34. h4 Bh6 35. h5 g5 36. fxg5 Nxe5+ 37. Ke2 f4 38. Kd1 Nf3 39. g6+ Ke8 40. Qf1 Ne5 41. Qe1 Bg7 42. Rg5 Nc6 43. Qxe6+ Ne7 44. Rxd5 Rf8 45. Bh4 f3 46. Bxe7 1-0

[Event "Berlin Lichtenrade op 08th"]
[Site "Berlin"]
[Date "2012.10.01"]
[Round "3"]
[White "Feikes, Joerg"]
[Black "Lindemann, Christian"]
[Result "0-1"]
[WhiteElo "2038"]
[BlackElo "2231"]
[PlyCount "96"]
[EventDate "2012.09.29"]
[EventType "swiss"]
[EventRounds "9"]
[EventCountry "GER"]
[SourceTitle "CBM 150 Extra"]
[Source "ChessBase"]
[SourceDate "2012.10.19"]
[SourceVersion "1"]
[SourceVersionDate "2012.10.19"]
[SourceQuality "1"]

1. e4 e6 2. d4 d5 3. Nc3 Bb4 4. e5 b6 5. Qg4 Bf8 6. Bg5 Qd7 7. Nge2 h6 8. Qh3 Nc6 9. Be3 Ba6 10. g4 Nge7 11. Bg2 0-0-0 12. f4 Na5 13. Rd1 Nc4 14. Bc1 b5 15. a3 Nb6 16. 0-0 g6 17. Ng3 Nc6 18. Nce2 Be7 19. f5 gxf5 20. gxf5 h5 21. f6 Bf8 22. Nxh5 b4 23. Rf2 bxa3 24. bxa3 Nc4 25. Qf3 N6a5 26. Rd3 c5 27. Bd2 Nxd2 28. Rxd2 Nc4 29. Rd1 Qa4 30. Nhf4 Qxc2 31. Nc3 Qf5 32. Bh3 Rxh3 33. Nxh3 Qxf3 34. Rxf3 cxd4 35. Nb1 Nxe5 36. Rg3 Bd6 37. Nf2 Be2 38. Rc1+ Kd7 39. Nd2 d3 40. Rg7 Bf8 41. Rh7 Bxa3 42. Ra1 Bc5 43. h3 Rg8+ 44. Rg7 Rh8 45. Kg2 Rh6 46. Rc1 Be3 47. Rg8 Bxd2 48. Rcc8 Rg6+ 0-1

[Event "Berlin Lichtenrade op 06th"]
[Site "Berlin"]
[Date "2010.10.24"]
[Round "9"]
[White "Feikes, Joerg"]
[Black "Hohn, August"]
[Result "1-0"]
[WhiteElo "1968"]
[BlackElo "2053"]
[PlyCount "46"]
[EventDate "2010.10.16"]
[EventType "swiss"]
[EventRounds "9"]
[EventCountry "GER"]
[SourceTitle "CBM 138 Extra"]
[Source "ChessBase"]
[SourceDate "2010.10.29"]
[SourceVersion "1"]
[SourceVersionDate "2010.10.29"]
[SourceQuality "1"]

1. e4 c6 2. d3 d5 3. Nd2 dxe4 4. dxe4 e5 5. Ngf3 Qc7 6. Bc4 Be7 7. 0-0 a5 8. Re1 b5 9. Bf1 Be6 10. a4 bxa4 11. Nc4 Nd7 12. Rxa4 Bxc4 13. Rxc4 Nb6 14. Rc3 Bb4 15. Ree3 Bxc3 16. Rxc3 Ne7 17. Be3 0-0 18. Qa1 f6 19. Bc5 Rfe8 20. Qa3 Ng6 21. Qb3+ Kh8 22. Bxb6 Qd7 23. Qc4 Reb8 1-0